[Event "FBL 1"]
[Site "?"]
[Date "2017.03.04"]
[Round "5.6"]
[White "Schneider, Jana"]
[Black "Klenk, Sofie"]
[Result "1-0"]
[WhiteElo "2274"]
[BlackElo "1872"]
[PlyCount "165"]
[EventDate "2016.10.22"]
[EventType "team-tourn"]
[EventCountry "GER"]
[WhiteTeam "Koenigshofen Bad SC"]
[BlackTeam "Muenchen FC Bayern"]
[WhiteTeamCountry "GER"]
[BlackTeamCountry "GER"]

1. e4 c5 2. Nf3 e6 3. g3 Nc6 4. Bg2 Nf6 5. Qe2 e5 6. O-O Be7 7. c3 O-O 8. Na3
a6 9. Nc2 d5 10. exd5 Qxd5 11. d3 Bf5 12. Nfd4 Nxd4 13. Nxd4 Bxd3 14. Bxd5 Bxe2
15. Bxf7+ Rxf7 16. Nxe2 Rd8 17. c4 b5 18. b3 Ne4 19. Be3 Bg5 20. Bxg5 Nxg5 21.
cxb5 axb5 22. Kg2 Ne4 23. Ng1 Nc3 24. a4 bxa4 25. bxa4 Ra8 26. a5 Rfa7 27. Rfc1
Ne4 28. Ra4 Nd2 29. Rxc5 Nb3 30. Rxe5 Rxa5 31. Rae4 Nd2 32. Rxa5 Rxa5 33. Re7
Rf5 34. Ne2 Rf7 35. Re3 g6 36. Nf4 Nc4 37. Rc3 Ne5 38. Ne6 h6 39. Rc8+ Kh7 40.
Re8 Nd7 41. h4 Nf6 42. Ra8 Re7 43. Nd4 Ng4 44. Ra4 Ne5 45. Ra6 Rf7 46. Re6 Nd3
47. Nf3 Kg7 48. Rd6 Nc5 49. Rd5 Ne4 50. Re5 Nf6 51. Re6 Nd5 52. Ne5 Rf6 53. Re8
Rf5 54. Ng4 h5 55. Ne5 Rf6 56. Rd8 Ne7 57. Nf3 Nf5 58. Ng5 Nh6 59. Rd7+ Kg8 60.
Re7 Ng4 61. f3 Nh6 62. Re8+ Rf8 63. Re6 Kg7 64. Re7+ Kg8 65. Kh3 Nf5 66. Ra7
Re8 67. Ne4 Re6 68. Ra8+ Kg7 69. Ra7+ Kg8 70. Ng5 Rf6 71. Kg2 Ne3+ 72. Kf2 Ng4+
73. Ke2 Ne5 74. Ke3 Nc4+ 75. Kd4 Nd6 76. Ke5 Ne8 77. Ra8 Rf8 78. Ne6 Rf5+ 79.
Ke4 Kf7 80. Rxe8 Kxe8 81. Ng7+ Kf7 82. Nxf5 gxf5+ 83. Kxf5 1-0

[Event "FBL 1"]
[Site "?"]
[Date "2017.03.05"]
[Round "6.1"]
[White "Savina, Anastasia"]
[Black "Strutinskaya, Galina N"]
[Result "1/2-1/2"]
[WhiteElo "2372"]
[BlackElo "2261"]
[PlyCount "32"]
[EventDate "2016.10.22"]
[EventType "team-tourn"]
[EventCountry "GER"]
[WhiteTeam "Koenigshofen Bad SC"]
[BlackTeam "Augsburg SG"]
[WhiteTeamCountry "GER"]
[BlackTeamCountry "GER"]

1. Nf3 d5 2. d4 c6 3. c4 Nf6 4. Nc3 e6 5. Bg5 Nbd7 6. e3 Qa5 7. cxd5 exd5 8.
Bd3 Ne4 9. O-O Nxg5 10. Nxg5 Qd8 11. f4 Nf6 12. e4 h6 13. Nf3 dxe4 14. Nxe4
Nxe4 15. Bxe4 Be7 16. Qc2 Bg4 1/2-1/2

[Event "FBL 1"]
[Site "?"]
[Date "2017.03.05"]
[Round "6.2"]
[White "Horvath, Maria"]
[Black "Osmanodja, Filiz"]
[Result "0-1"]
[WhiteElo "1978"]
[BlackElo "2360"]
[PlyCount "122"]
[EventDate "2016.10.22"]
[EventType "team-tourn"]
[EventCountry "GER"]
[WhiteTeam "Augsburg SG"]
[BlackTeam "Koenigshofen Bad SC"]
[WhiteTeamCountry "GER"]
[BlackTeamCountry "GER"]

1. d4 Nf6 2. c4 e6 3. Nc3 Bb4 4. a3 Bxc3+ 5. bxc3 O-O 6. Qc2 d6 7. Nf3 h6 8. e4
e5 9. Bd3 Nc6 10. O-O Bg4 11. d5 Ne7 12. Nh4 Re8 13. f3 Bc8 14. Be3 Nd7 15. Qf2
g5 16. Nf5 Nxf5 17. exf5 b6 18. h4 f6 19. Qg3 Re7 20. Kf2 Nf8 21. hxg5 hxg5 22.
Rh1 Bb7 23. Rh3 Rg7 24. Rah1 Kf7 25. Rh8 Ke7 26. f4 exf4 27. Bxf4 Kd7 28. Be3
Qe7 29. Re1 Re8 30. Bd2 Qf7 31. Re6 Kc8 32. Qe3 Nxe6 33. fxe6 Qe7 34. Rxe8+
Qxe8 35. Qh3 c6 36. Be4 Kc7 37. Be3 Qe7 38. Qh6 cxd5 39. cxd5 f5 40. Bxf5 Bxd5
41. Bd4 Rg8 42. Bf6 Qe8 43. g4 Bxe6 44. Bd4 Bxf5 45. gxf5 g4 46. Qh7+ Kb8 47.
f6 g3+ 48. Kg2 Qe2+ 49. Kg1 Qd1+ 50. Kg2 Qd2+ 51. Kf3 Qd1+ 52. Kg2 Qe2+ 53. Kg1
Re8 54. f7 Qh2+ 55. Qxh2 gxh2+ 56. Kxh2 Rf8 57. Kg3 Rxf7 58. Kg4 Kc7 59. Kg5
Kc6 60. a4 a5 61. Kg6 Rf1 0-1

[Event "FBL 1"]
[Site "?"]
[Date "2017.03.05"]
[Round "6.3"]
[White "Melamed, Tatjana"]
[Black "Amelang, Astrid"]
[Result "1-0"]
[WhiteElo "2326"]
[BlackElo "2112"]
[PlyCount "121"]
[EventDate "2016.10.22"]
[EventType "team-tourn"]
[EventCountry "GER"]
[WhiteTeam "Koenigshofen Bad SC"]
[BlackTeam "Augsburg SG"]
[WhiteTeamCountry "GER"]
[BlackTeamCountry "GER"]

1. e4 e6 2. d4 d5 3. Nd2 b6 4. Ngf3 Nf6 5. e5 Nfd7 6. c3 c5 7. Bb5 a6 8. Bd3
Nc6 9. O-O Be7 10. Re1 Bb7 11. Nf1 cxd4 12. cxd4 Bb4 13. Bd2 Qe7 14. a3 Bxd2
15. Qxd2 g6 16. Rac1 O-O 17. Qh6 f5 18. exf6 Rxf6 19. Re3 Nf8 20. h4 Qg7 21.
Qg5 Rc8 22. Rd1 Ne7 23. N1h2 h6 24. Qe5 Nf5 25. Ng4 Rf7 26. Ree1 h5 27. Qxg7+
Kxg7 28. Nge5 Re7 29. Bxf5 gxf5 30. Re3 Kf6 31. Nd3 Ng6 32. Rde1 Rce8 33. g3
Bc8 34. Rc1 Bb7 35. Rce1 Bc8 36. Nde5 Rc7 37. Nxg6 Kxg6 38. b3 Kf6 39. Ne5 Ree7
40. Nd3 Rh7 41. Nf4 Rce7 42. Kg2 Bd7 43. a4 b5 44. a5 Bc8 45. Kf3 Bd7 46. Rc1
Rh8 47. Rc7 Rhe8 48. Nxh5+ Kg6 49. Nf4+ Kf6 50. Ra7 Bc6 51. Rxe7 Rxe7 52. Rc3
Bb7 53. Nd3 Rh7 54. Kf4 Re7 55. b4 Rh7 56. Ne5 Re7 57. f3 Rh7 58. g4 Re7 59.
g5+ Kg7 60. h5 Kh7 61. Ng6 1-0

[Event "FBL 1"]
[Site "?"]
[Date "2017.03.05"]
[Round "6.4"]
[White "Nentwig, Nicole"]
[Black "Schoene, Maria"]
[Result "0-1"]
[WhiteElo "1851"]
[BlackElo "2280"]
[PlyCount "106"]
[EventDate "2016.10.22"]
[EventType "team-tourn"]
[EventCountry "GER"]
[WhiteTeam "Augsburg SG"]
[BlackTeam "Koenigshofen Bad SC"]
[WhiteTeamCountry "GER"]
[BlackTeamCountry "GER"]

1. Nf3 d6 2. g3 g6 3. Bg2 Bg7 4. O-O Nf6 5. c3 O-O 6. d3 e5 7. Qc2 c5 8. Nbd2
Nc6 9. a3 a5 10. Rb1 d5 11. e4 h6 12. exd5 Nxd5 13. Ne4 b6 14. Re1 Be6 15. c4
Nde7 16. Bd2 Ra7 17. Rbd1 Nf5 18. Be3 Nfd4 19. Nxd4 Nxd4 20. Bxd4 cxd4 21. b4
f5 22. Nd2 e4 23. f4 e3 24. Nb3 a4 25. Nc1 g5 26. Ne2 Bf6 27. Rf1 g4 28. Rc1
Qd7 29. Rfe1 h5 30. Qb2 Rc7 31. c5 bxc5 32. Rxc5 Rxc5 33. bxc5 Bd5 34. Bf1 Qc6
35. Qb4 Be7 36. Rc1 Rc8 37. Nxd4 Qf6 38. Ne2 Qa6 39. d4 Qd3 40. Qb1 Qxa3 41.
Qxf5 Rd8 42. Qg6+ Kf8 43. Qf5+ Kg7 44. Rc3 Qb4 45. c6 Bf3 46. Qe5+ Bf6 47. Qc7+
Kf8 48. Rxe3 Bxe2 49. Rxe2 Qxd4+ 50. Rf2 Qc5 51. Qb7 Rd2 52. Qb8+ Kg7 53. Qb7+
Kh6 0-1

[Event "FBL 1"]
[Site "?"]
[Date "2017.03.05"]
[Round "6.5"]
[White "Belenkaya, Dina"]
[Black "Lorenz, Oda"]
[Result "1-0"]
[WhiteElo "2319"]
[BlackElo "1832"]
[PlyCount "45"]
[EventDate "2016.10.22"]
[EventType "team-tourn"]
[EventCountry "GER"]
[WhiteTeam "Koenigshofen Bad SC"]
[BlackTeam "Augsburg SG"]
[WhiteTeamCountry "GER"]
[BlackTeamCountry "GER"]

1. e4 e5 2. Nf3 Nc6 3. Nc3 Nf6 4. d4 Bb4 5. Nxe5 Nxe5 6. dxe5 Nxe4 7. Qg4 d5 8.
Qxg7 Rf8 9. Bd3 Nxc3 10. a3 Ba5 11. Bd2 Be6 12. b4 Bb6 13. Bxc3 Qh4 14. Qf6
Qxf6 15. exf6 h5 16. O-O Kd7 17. Rfe1 Rg8 18. Re5 Bh3 19. Rxd5+ Kc6 20. Be4
Rxg2+ 21. Kh1 Bxf2 22. Rxh5+ Kb6 23. Bxg2 1-0

[Event "FBL 1"]
[Site "?"]
[Date "2017.03.05"]
[Round "6.6"]
[White "Muench, Ursula"]
[Black "Schneider, Jana"]
[Result "0-1"]
[WhiteElo "1792"]
[BlackElo "2274"]
[PlyCount "64"]
[EventDate "2016.10.22"]
[EventType "team-tourn"]
[EventCountry "GER"]
[WhiteTeam "Augsburg SG"]
[BlackTeam "Koenigshofen Bad SC"]
[WhiteTeamCountry "GER"]
[BlackTeamCountry "GER"]

1. Nf3 d5 2. g3 Bg4 3. Bg2 Nd7 4. O-O c6 5. d3 Bxf3 6. Bxf3 Ngf6 7. e4 e6 8.
Re1 Bd6 9. Nd2 O-O 10. d4 dxe4 11. Nxe4 Be7 12. Bf4 Nd5 13. Bd6 Bxd6 14. Nxd6
Qc7 15. Nc4 N5b6 16. Ne5 Nxe5 17. dxe5 Rad8 18. Qe2 Rd7 19. Rad1 Rfd8 20. b3
Rxd1 21. Rxd1 Rxd1+ 22. Qxd1 Nd7 23. Qd6 Qxd6 24. exd6 a5 25. a3 Kf8 26. b4
axb4 27. axb4 Ke8 28. c4 Nb8 29. b5 Kd7 30. c5 cxb5 31. Bxb7 b4 32. Be4 Na6 0-1

[Event "FBL 1"]
[Site "?"]
[Date "2017.03.05"]
[Round "6.2"]
[White "Stefanova, Antoaneta"]
[Black "Fuchs, Judith"]
[Result "1-0"]
[WhiteElo "2512"]
[BlackElo "2276"]
[PlyCount "131"]
[EventDate "2016.10.22"]
[EventType "team-tourn"]
[EventCountry "GER"]
[WhiteTeam "Baden Baden OSG"]
[BlackTeam "Hamburger SK"]
[WhiteTeamCountry "GER"]
[BlackTeamCountry "GER"]

1. Nf3 Nf6 2. b3 g6 3. Bb2 Bg7 4. d4 c5 5. d5 O-O 6. g3 b5 7. Bg2 Bb7 8. Nh4
Qa5+ 9. Bc3 Qb6 10. O-O e6 11. d6 Bxg2 12. Nxg2 b4 13. Be5 Ne4 14. Bxg7 Kxg7
15. Qd3 Nxd6 16. Rd1 Nb5 17. a4 Nc7 18. a5 Qc6 19. c3 bxc3 20. Nxc3 d5 21. Rac1
Nba6 22. Na4 c4 23. Qc3+ f6 24. Qa1 Rab8 25. bxc4 Rb4 26. Nb2 Qb7 27. Nd3 Rxc4
28. Rxc4 dxc4 29. Ndf4 Qc6 30. Ne3 Nb4 31. Qc3 Nbd5 32. Qxc4 Qxc4 33. Nxc4 Nxf4
34. gxf4 Nd5 35. e3 Rc8 36. Nd6 Rc6 37. Nb7 Ra6 38. Rc1 h6 39. Kg2 g5 40. fxg5
hxg5 41. e4 Nf4+ 42. Kf3 Nd3 43. Rc7+ Kg6 44. Ke3 Ne5 45. Kd4 Nf3+ 46. Kc5 e5
47. Kb4 Nd2 48. Nc5 Rd6 49. a6 Rd4+ 50. Kb5 Nxe4 51. Rxa7 Nc3+ 52. Kc6 Na4 53.
Ne6 Rd2 54. Rg7+ Kf5 55. a7 Rc2+ 56. Kb5 Ra2 57. Nc7 Nc3+ 58. Kb6 Na4+ 59. Kc6
Rc2+ 60. Kb5 Rb2+ 61. Kc6 Rc2+ 62. Kd6 Nb6 63. Nd5 Rd2 64. Kc6 Na8 65. Rg8 Rc2+
66. Kd6 1-0

[Event "FBL 1"]
[Site "?"]
[Date "2017.03.05"]
[Round "6.3"]
[White "Hoolt, Sarah"]
[Black "Zatonskih, Anna"]
[Result "1-0"]
[WhiteElo "2371"]
[BlackElo "2443"]
[PlyCount "91"]
[EventDate "2016.10.22"]
[EventType "team-tourn"]
[EventCountry "GER"]
[WhiteTeam "Hamburger SK"]
[BlackTeam "Baden Baden OSG"]
[WhiteTeamCountry "GER"]
[BlackTeamCountry "GER"]

1. e4 e6 2. d4 d5 3. Nc3 Nf6 4. e5 Nfd7 5. f4 c5 6. Nf3 Qb6 7. Be3 a6 8. a3 Nc6
9. Be2 cxd4 10. Nxd4 Bc5 11. Na4 Qa5+ 12. c3 Bxd4 13. Bxd4 Nxd4 14. Qxd4 Qc7
15. b4 O-O 16. O-O b5 17. Nb2 Nb6 18. a4 Bd7 19. a5 Nc4 20. Nxc4 bxc4 21. f5
exf5 22. Qxd5 Rac8 23. Qd6 Qxd6 24. exd6 g6 25. Rf4 Bb5 26. Rd1 Rfd8 27. Rdd4
Rc6 28. Bxc4 Bxc4 29. Rxc4 Rcxd6 30. Rfd4 Kg7 31. Rxd6 Rxd6 32. Rd4 Re6 33. Kf2
Kf6 34. c4 Ke5 35. Ke3 Rd6 36. Rxd6 Kxd6 37. Kd4 g5 38. b5 axb5 39. cxb5 f4 40.
a6 Kc7 41. Kc5 g4 42. b6+ Kb8 43. Kc6 f3 44. gxf3 gxf3 45. a7+ Ka8 46. Kc7 1-0

[Event "FBL 1"]
[Site "?"]
[Date "2017.03.05"]
[Round "6.4"]
[White "Kachiani Gersinska, Ketino"]
[Black "Baciu, Diana"]
[Result "0-1"]
[WhiteElo "2366"]
[BlackElo "2289"]
[PlyCount "100"]
[EventDate "2016.10.22"]
[EventType "team-tourn"]
[EventCountry "GER"]
[WhiteTeam "Baden Baden OSG"]
[BlackTeam "Hamburger SK"]
[WhiteTeamCountry "GER"]
[BlackTeamCountry "GER"]

1. Nf3 d5 2. g3 e6 3. Bg2 c6 4. O-O Nd7 5. d3 Ngf6 6. c4 Bd6 7. cxd5 exd5 8. e4
O-O 9. Nc3 dxe4 10. dxe4 Ne5 11. Bf4 Nxf3+ 12. Qxf3 Bc5 13. h3 Be6 14. g4 Qa5
15. g5 Nd7 16. Rfd1 f6 17. g6 hxg6 18. a3 Ne5 19. Qg3 Bb3 20. Rd2 Rad8 21. Nd5
Bxd5 22. exd5 g5 23. Be3 Rfe8 24. Bxc5 Qxd2 25. Qb3 Qd3 26. Qxd3 Nxd3 27. Bxa7
cxd5 28. Bb6 Rd6 29. Bd4 Re1+ 30. Rxe1 Nxe1 31. Bc5 Rd7 32. Bf1 Rc7 33. b4 Kf7
34. Be2 Ke6 35. Kf1 Nc2 36. a4 Ke5 37. a5 Nd4 38. Bd1 Rxc5 39. bxc5 Nc6 40. a6
bxa6 41. Ba4 Nb4 42. Ke2 d4 43. Bb3 a5 44. Kf3 Nd3 45. c6 Kd6 46. Ba4 Ne5+ 47.
Ke4 Nxc6 48. Kf5 Ne7+ 49. Ke4 Kc5 50. Kd3 Nd5 0-1

[Event "FBL 1"]
[Site "?"]
[Date "2017.03.05"]
[Round "6.5"]
[White "Rogozenco, Teodora"]
[Black "Tammert, Iamze"]
[Result "0-1"]
[WhiteElo "2017"]
[BlackElo "2290"]
[PlyCount "48"]
[EventDate "2016.10.22"]
[EventType "team-tourn"]
[EventCountry "GER"]
[WhiteTeam "Hamburger SK"]
[BlackTeam "Baden Baden OSG"]
[WhiteTeamCountry "GER"]
[BlackTeamCountry "GER"]

1. d4 d6 2. g3 e5 3. Bg2 exd4 4. Qxd4 Nc6 5. Qa4 Nge7 6. Bd2 Be6 7. Nf3 h6 8.
O-O Qd7 9. Qb5 O-O-O 10. Rd1 Nd5 11. c4 Nb6 12. Na3 a6 13. Qb3 d5 14. cxd5 Bxd5
15. Qc2 Bxa3 16. bxa3 Qe7 17. Be3 Qxa3 18. Bxb6 cxb6 19. Rab1 Qxa2 20. Qc3 Qxe2
21. Nd4 Qc4 22. Bh3+ Kb8 23. Qb2 Nxd4 24. Rxd4 Qc7 0-1

[Event "FBL 1"]
[Site "?"]
[Date "2017.03.05"]
[Round "6.6"]
[White "Heinemann, Josefine"]
[Black "Zahn, Alina"]
[Result "1/2-1/2"]
[WhiteElo "2227"]
[BlackElo "2082"]
[PlyCount "154"]
[EventDate "2016.10.22"]
[EventType "team-tourn"]
[EventCountry "GER"]
[WhiteTeam "Baden Baden OSG"]
[BlackTeam "Hamburger SK"]
[WhiteTeamCountry "GER"]
[BlackTeamCountry "GER"]

1. e4 e5 2. Nf3 Nc6 3. Bc4 Bc5 4. O-O Nf6 5. d3 O-O 6. a4 a6 7. c3 d5 8. exd5
Nxd5 9. Nbd2 Kh8 10. Re1 f6 11. Ne4 Ba7 12. a5 Be6 13. Ng3 Qd7 14. Qb3 Rfd8 15.
Be3 Bg4 16. Nd2 Nxe3 17. fxe3 f5 18. Kh1 Rf8 19. Ngf1 f4 20. exf4 exf4 21. Bd5
Ne7 22. Be6 Bxe6 23. Qxe6 Qxe6 24. Rxe6 Nf5 25. d4 Kg8 26. Re5 Nd6 27. Rae1 Rf7
28. Kg1 Raf8 29. Kf2 h6 30. Re7 Rxe7 31. Rxe7 Rf7 32. Re5 Kf8 33. Kf3 g5 34. b4
Re7 35. Rxe7 Kxe7 36. Kg4 Kf6 37. h4 Kg6 38. hxg5 hxg5 39. g3 fxg3 40. Nxg3 b6
41. Nge4 bxa5 42. bxa5 Nxe4 43. Nxe4 c6 44. Nxg5 Kf6 45. Nf3 Bb8 46. Nd2 Ke6
47. c4 Bc7 48. Nb3 Bd6 49. Kf3 Bb4 50. Ke3 Kd6 51. Ke4 Be1 52. Nc5 Bb4 53. Nxa6
Bxa5 54. c5+ Kd7 55. Kd3 Be1 56. Kc4 Bf2 57. Nb4 Be3 58. Nc2 Bg1 59. Kd3 Ke6
60. Ne3 Kd7 61. Ng4 Ke6 62. Ke4 Kd7 63. Ne5+ Kc7 64. Nf3 Bf2 65. Ng5 Be1 66.
Kf5 Bf2 67. Ne6+ Kd7 68. Kf6 Bh4+ 69. Kf7 Bf2 70. Nf8+ Kc8 71. Ne6 Kd7 72. Kf6
Bh4+ 73. Ke5 Bg3+ 74. Nf4 Bf2 75. Nh5 Be3 76. Ng7 Bg1 77. Nf5 Bf2 1/2-1/2

[Event "FBL 1"]
[Site "?"]
[Date "2017.03.05"]
[Round "6.1"]
[White "Troyke, Doreen"]
[Black "Naiditsch, Yuliya"]
[Result "0-1"]
[WhiteElo "2105"]
[BlackElo "2413"]
[PlyCount "64"]
[EventDate "2016.10.22"]
[EventType "team-tourn"]
[EventCountry "GER"]
[WhiteTeam "Erfurt SV Medizin"]
[BlackTeam "Deizisau SF"]
[WhiteTeamCountry "GER"]
[BlackTeamCountry "GER"]

1. c4 e5 2. g3 Nf6 3. Bg2 c6 4. d4 Bb4+ 5. Bd2 Bxd2+ 6. Qxd2 d6 7. dxe5 dxe5 8.
Qxd8+ Kxd8 9. Nf3 Re8 10. Nc3 Kc7 11. O-O a5 12. b3 Na6 13. Rfd1 h6 14. Nd2 Nc5
15. Nde4 Nfxe4 16. Nxe4 Nxe4 17. Bxe4 Be6 18. Rd2 Red8 19. Rad1 Rxd2 20. Rxd2
a4 21. f4 axb3 22. axb3 f5 23. Bg2 e4 24. e3 Ra1+ 25. Kf2 Rb1 26. g4 Rxb3 27.
gxf5 Bxf5 28. Rd4 Rb2+ 29. Kg1 Re2 30. Bxe4 c5 31. Bf3 Rxe3 32. Rd5 Be6 0-1

[Event "FBL 1"]
[Site "?"]
[Date "2017.03.05"]
[Round "6.2"]
[White "Schleining, Zoya"]
[Black "Mueller Ludwig, Kristin"]
[Result "1-0"]
[WhiteElo "2349"]
[BlackElo "2083"]
[PlyCount "89"]
[EventDate "2016.10.22"]
[EventType "team-tourn"]
[EventCountry "GER"]
[WhiteTeam "Deizisau SF"]
[BlackTeam "Erfurt SV Medizin"]
[WhiteTeamCountry "GER"]
[BlackTeamCountry "GER"]

1. d4 Nf6 2. Nf3 g6 3. Bf4 Bg7 4. e3 d6 5. Bc4 O-O 6. O-O Nbd7 7. c3 Ne4 8.
Nbd2 Nxd2 9. Qxd2 Nf6 10. h3 Ne4 11. Qc2 d5 12. Bd3 Nd6 13. Rfe1 c6 14. Rac1
Bf5 15. Bxd6 Bxd3 16. Bxe7 Bxc2 17. Bxd8 Bf5 18. Bh4 Rfe8 19. Bg3 f6 20. Nd2
Bf8 21. a3 b5 22. Nb3 a5 23. Bc7 a4 24. Nd2 Rac8 25. Ba5 Bd6 26. Bb4 Bc7 27.
Nf3 Be4 28. Nh2 Bxh2+ 29. Kxh2 Bd3 30. Rcd1 Bc4 31. g4 Re6 32. Kg3 Kf7 33. h4
Rh8 34. g5 f5 35. f3 Rhe8 36. Kf4 Rh8 37. Rh1 Kg7 38. h5 Rg8 39. hxg6 hxg6 40.
Rh6 Kf7 41. Rdh1 Be2 42. Rh7+ Rg7 43. Rh8 Re8 44. Rxe8 Kxe8 45. Bd6 1-0

[Event "FBL 1"]
[Site "?"]
[Date "2017.03.05"]
[Round "6.3"]
[White "Anisheva, Varvara"]
[Black "Klek, Hanna Marie"]
[Result "0-1"]
[WhiteElo "2132"]
[BlackElo "2335"]
[PlyCount "120"]
[EventDate "2016.10.22"]
[EventType "team-tourn"]
[EventCountry "GER"]
[WhiteTeam "Erfurt SV Medizin"]
[BlackTeam "Deizisau SF"]
[WhiteTeamCountry "GER"]
[BlackTeamCountry "GER"]

1. e4 e5 2. Nf3 Nc6 3. Bc4 Bc5 4. c3 Nf6 5. d4 exd4 6. O-O Nxe4 7. cxd4 d5 8.
dxc5 dxc4 9. Qxd8+ Kxd8 10. Rd1+ Bd7 11. Be3 Kc8 12. Na3 c3 13. bxc3 Nxc3 14.
Rd3 Ne4 15. Ng5 Nxg5 16. Bxg5 Bf5 17. Rd2 b6 18. Rc1 Kb7 19. Nb5 a6 20. Nd4 Be4
21. f3 Nxd4 22. Rxd4 Bc6 23. cxb6 cxb6 24. Be3 Rhe8 25. Kf2 Re6 26. Rb4 b5 27.
a4 Rd8 28. axb5 Bxb5 29. Rb2 f6 30. h4 Rd7 31. Rc3 Rc6 32. Rxc6 Kxc6 33. Rc2+
Kb7 34. Bd2 Kb6 35. g4 a5 36. Be3+ Ka6 37. Rc8 Ba4 38. Rb8 Rd6 39. h5 Bc2 40.
Bc5 Rc6 41. Bd4 a4 42. Rg8 g6 43. Rg7 gxh5 44. gxh5 Kb5 45. Rf7 Rd6 46. Ke3 a3
47. Rb7+ Ka4 48. Ra7+ Kb4 49. Rb7+ Kc4 50. Rc7+ Kb3 51. Rb7+ Ka2 52. Rb4 Bb3
53. Bc3 Bf7 54. h6 Bg6 55. Bd4 Bc2 56. Kd2 Rxd4+ 57. Rxd4 Kb2 58. Rb4+ Bb3 59.
Rb7 a2 60. Rxh7 a1=Q 0-1

[Event "FBL 1"]
[Site "?"]
[Date "2017.03.05"]
[Round "6.4"]
[White "Jelica, Mara"]
[Black "Umpfenbach, Carolin"]
[Result "1-0"]
[WhiteElo "2099"]
[BlackElo "2122"]
[PlyCount "97"]
[EventDate "2016.10.22"]
[EventType "team-tourn"]
[EventCountry "GER"]
[WhiteTeam "Deizisau SF"]
[BlackTeam "Erfurt SV Medizin"]
[WhiteTeamCountry "GER"]
[BlackTeamCountry "GER"]

1. e4 e6 2. d4 d5 3. e5 c5 4. c3 Nc6 5. Nf3 Qc7 6. a3 a5 7. Be2 Rb8 8. a4 Bd7
9. O-O Nge7 10. Na3 Na7 11. dxc5 Ng6 12. b4 Nxe5 13. Nd4 Nac6 14. Nab5 Qd8 15.
Bf4 Rc8 16. Re1 Be7 17. Nxc6 Nxc6 18. Nd6+ Bxd6 19. Bxd6 axb4 20. cxb4 Nxb4 21.
Qd4 f6 22. Qxb4 Bc6 23. Bg4 e5 24. Bxc8 Qxc8 25. Qh4 Qe6 26. Qg3 Kf7 27. a5 d4
28. a6 b5 29. a7 Re8 30. Bb8 Ba8 31. Rab1 Qc6 32. Qf3 e4 33. Qb3+ Kg6 34. Qxb5
Qe6 35. Qb3 Qf5 36. Qg3+ Kf7 37. Bd6 e3 38. fxe3 d3 39. Qf2 Qd5 40. Qd2 Re4 41.
h3 Ra4 42. Ra1 Rc4 43. Rec1 Re4 44. Qa2 Rxe3 45. Qxd5+ Bxd5 46. a8=Q Bxa8 47.
Rxa8 d2 48. Rf1 Re1 49. Ra1 1-0

[Event "FBL 1"]
[Site "?"]
[Date "2017.03.05"]
[Round "6.5"]
[White "Nguyen, Ha Thanh"]
[Black "Lauterbach, Ingrid"]
[Result "0-1"]
[WhiteElo "1788"]
[BlackElo "2110"]
[PlyCount "126"]
[EventDate "2016.10.22"]
[EventType "team-tourn"]
[EventCountry "GER"]
[WhiteTeam "Erfurt SV Medizin"]
[BlackTeam "Deizisau SF"]
[WhiteTeamCountry "GER"]
[BlackTeamCountry "GER"]

1. e4 d6 2. d4 Nf6 3. Nc3 g6 4. Nf3 Bg7 5. Bc4 O-O 6. Bb3 Nc6 7. h3 Na5 8. O-O
Nxb3 9. axb3 c6 10. Re1 b6 11. Qe2 e6 12. Bg5 Qc7 13. Qe3 Re8 14. Bh6 Bh8 15.
Ne2 Bb7 16. Ng3 e5 17. dxe5 dxe5 18. Qc3 a5 19. Nh2 Rad8 20. Qf3 Nd7 21. Ng4 f6
22. b4 Re6 23. Qb3 Kf7 24. bxa5 bxa5 25. Qc3 Ra8 26. Red1 a4 27. Qb4 c5 28. Qb5
Nb6 29. Qd3 Ba6 30. Qc3 Bg7 31. Be3 Bf8 32. b3 axb3 33. cxb3 h5 34. Nh2 Bb7 35.
Rxa8 Nxa8 36. Qc2 Rd6 37. Rc1 Rc6 38. Nhf1 Nb6 39. Nd2 Bc8 40. Ne2 Be6 41. Nc3
Qb7 42. Qb1 Rc8 43. Ne2 Qa6 44. Nc3 Rb8 45. Qa1 Qb7 46. Rb1 Ra8 47. Qb2 Qa6 48.
Qc2 Be7 49. Kh2 f5 50. f3 f4 51. Bf2 g5 52. g3 g4 53. fxg4 hxg4 54. h4 Rh8 55.
Kg2 Nd7 56. Rh1 Qb7 57. Qd1 Nf6 58. Na4 Nxe4 59. Nxe4 Qxe4+ 60. Kg1 Rd8 61. Qf1
Qc2 62. Rh2 Qxb3 63. Nxc5 Bxc5 0-1

[Event "FBL 1"]
[Site "?"]
[Date "2017.03.05"]
[Round "6.6"]
[White "Noppes, Marina"]
[Black "Dietrich, Mareike"]
[Result "1-0"]
[WhiteElo "1992"]
[BlackElo "1690"]
[PlyCount "157"]
[EventDate "2016.10.22"]
[EventType "team-tourn"]
[EventCountry "GER"]
[WhiteTeam "Deizisau SF"]
[BlackTeam "Erfurt SV Medizin"]
[WhiteTeamCountry "GER"]
[BlackTeamCountry "GER"]

1. d4 Nf6 2. Nf3 g6 3. c4 Bg7 4. Nc3 d6 5. e4 O-O 6. Be2 e5 7. O-O Nc6 8. Be3
Ng4 9. Bg5 f6 10. Bh4 g5 11. Bg3 f5 12. exf5 exd4 13. Nb5 Bxf5 14. Nfxd4 Nh6
15. Nxf5 Nxf5 16. Rb1 Ne5 17. Qd5+ Rf7 18. Bxe5 c6 19. Qe6 Bxe5 20. Bh5 Qf8 21.
Bxf7+ Qxf7 22. Qxf7+ Kxf7 23. Nc3 Ng7 24. Ne4 Ne6 25. b3 h6 26. Rbd1 Rd8 27.
Rd2 Nf4 28. Rfd1 Ke7 29. Ng3 Kf6 30. Ne4+ Ke7 31. Ng3 Kf6 32. Ne2 Ne6 33. Rd3
Ke7 34. b4 Rf8 35. a3 Rc8 36. h3 a5 37. bxa5 Ra8 38. Rb3 Nc5 39. Re3 Rxa5 40.
Nd4 Kf6 41. Nb3 Rxa3 42. Nxc5 Rxe3 43. fxe3 dxc5 44. Rb1 b5 45. cxb5 cxb5 46.
Rxb5 Bd6 47. Rb6 Ke5 48. Rc6 Kd5 49. Rc8 c4 50. Kf2 Be5 51. Ke2 Bf6 52. Kd2 Bg7
53. Rd8+ Ke4 54. Re8+ Kd5 55. Re7 Bf8 56. Rc7 Bd6 57. Rc8 Be5 58. g4 Bf6 59.
Rf8 Be7 60. Rh8 Bb4+ 61. Kc2 Ke4 62. Rxh6 Kxe3 63. Rg6 Kf4 64. Rc6 Kg3 65. Rxc4
Bd6 66. Rc3+ Kh4 67. Rc6 Bf4 68. Rh6+ Kg3 69. Kd3 Kf3 70. Rf6 Kg3 71. Ke4 Bc1
72. Rh6 Bf4 73. Kf5 Bd2 74. Rh5 Be3 75. Rxg5 Bxg5 76. Kxg5 Kxh3 77. Kf5 Kh4 78.
g5 Kh5 79. Kf6 1-0

[Event "FBL 1"]
[Site "?"]
[Date "2017.03.05"]
[Round "6.1"]
[White "Endress, Anna"]
[Black "Schmidt, Jessica"]
[Result "1/2-1/2"]
[WhiteElo "2122"]
[BlackElo "2262"]
[PlyCount "39"]
[EventDate "2016.10.22"]
[EventType "team-tourn"]
[EventCountry "GER"]
[WhiteTeam "Norderstedt TuRa Harksheide"]
[BlackTeam "Karlsruher SF"]
[WhiteTeamCountry "GER"]
[BlackTeamCountry "GER"]

1. e4 d5 2. exd5 Qxd5 3. Nc3 Qd6 4. d4 Nf6 5. Nf3 c6 6. g3 Bg4 7. Bg2 e6 8. Bf4
Qd8 9. h3 Bxf3 10. Bxf3 Be7 11. Qd3 Nbd7 12. O-O-O Nd5 13. Bd2 Bg5 14. Ne4
Bxd2+ 15. Qxd2 N7f6 16. c4 Nb6 17. Qb4 Nxe4 18. Bxe4 Qe7 19. Qxe7+ Kxe7 20. b3
1/2-1/2

[Event "FBL 1"]
[Site "?"]
[Date "2017.03.05"]
[Round "6.2"]
[White "Mader, Manuela"]
[Black "Brandt, Carina"]
[Result "0-1"]
[WhiteElo "2172"]
[BlackElo "2042"]
[PlyCount "70"]
[EventDate "2016.10.22"]
[EventType "team-tourn"]
[EventCountry "GER"]
[WhiteTeam "Karlsruher SF"]
[BlackTeam "Norderstedt TuRa Harksheide"]
[WhiteTeamCountry "GER"]
[BlackTeamCountry "GER"]

1. e4 e6 2. d4 d5 3. Nd2 Be7 4. Ngf3 Nf6 5. e5 Nfd7 6. Bd3 c5 7. c3 Nc6 8. O-O
g5 9. dxc5 g4 10. Nd4 Ndxe5 11. N2b3 Nxd3 12. Qxd3 e5 13. Nb5 a6 14. Nd6+ Bxd6
15. cxd6 Qxd6 16. Rd1 Be6 17. Bg5 Rg8 18. Bh4 f5 19. f4 gxf3 20. Qxf3 Rg4 21.
g3 Qf8 22. Qf2 d4 23. Re1 Qg7 24. Nc5 Bd5 25. Qxf5 Rxh4 26. Ne6 Bxe6 27. Qxe6+
Ne7 28. Rxe5 Rh6 29. Qd5 Rd8 30. Qe4 d3 31. Re1 Rd7 32. Rd1 Qf6 33. Rc5 Qe6 34.
Qf4 Rf6 35. Qd2 Qe2 0-1